000 nam a22 7a 4500
999 _c8800
_d8800
005 20200306072455.0
008 200306b xxu||||| |||| 00| 0 eng d
020 _a9781472138613
_bpaperback
040 _beng
_cAPEC Schools Library
_erda
082 _aC 618.928522
_bC923h 2019
100 _aCreswell, Cathy
245 _aHelping your child with fears and worries : a self-help guide for parents /
_cCathy Creswell
264 _aLondon, England :
_bRobinson,
_c©2019.
300 _a321 pages ;
336 _2rdacontent
_atext
337 _2rdamedia
_aunmediated
338 _2rdacarrier
_avolume
504 _aIncludes bibliographical references and index.
650 _aAnxiety in children--Treatment.
650 _aParenting.
942 _2ddc
_cNFIC